00410nam a2200193Ia 4500003000900000008004100009040001300050040001300063041000800076100002000084245003300104250001200137260001200149260000900161300001100170300001000181490001800191490000700209IT-RoPAU120407s9999 xx 000 0 und d aIT-RoPAU cIT-RoPAU aita aGerhard Lohfink aLa conversione di San Paolo. aBrescia aPaideia c1969 a116 p. c21 cm aStudi Biblici v14